Southville International School and Colleges
Your cart is empty.
  • Cart
  • Lists
    Public lists Eva Luna New books Lux_list list_1
    Your lists Log in to create your own lists
  • Log in to your account
  • Your cookies
  • Search history
Southville International School and Colleges
  • Advanced search
  • Recent comments
  • Most popular
  • Libraries

Log in to your account

Log in with GOOGLE


If you do not have an external account, but do have a local account, you can still log in:

  1. Home
  2. MARC view: Production and marketing of coconut /
Normal view MARC view ISBD view

Production and marketing of coconut / (Record no. 339585)

[ view plain ]
MARC details
000 -LEADER
fixed length control field 00774nam a2200289Ia 4500
008 - FIXED-LENGTH DATA ELEMENTS--GENERAL INFORMATION
fixed length control field 170711s9999 xx 000 0 und d
020 ## - INTERNATIONAL STANDARD BOOK NUMBER
International Standard Book Number 9788183568647
050 ## - LIBRARY OF CONGRESS CALL NUMBER
Classification number 380
050 ## - LIBRARY OF CONGRESS CALL NUMBER
Item number S953 2011
100 ## - MAIN ENTRY--PERSONAL NAME
Personal name Sulochana, Mabel
245 ## - TITLE STATEMENT
Title Production and marketing of coconut /
245 ## - TITLE STATEMENT
Statement of responsibility, etc by Mabel Sulochana and X. Anthony Thanaraj.
250 ## - EDITION STATEMENT
Edition statement First edition
260 ## - PUBLICATION, DISTRIBUTION, ETC. (IMPRINT)
Place of publication, distribution, etc New Delhi :
260 ## - PUBLICATION, DISTRIBUTION, ETC. (IMPRINT)
Name of publisher, distributor, etc Discovery Pub House,
260 ## - PUBLICATION, DISTRIBUTION, ETC. (IMPRINT)
Date of publication, distribution, etc 2011
300 ## - PHYSICAL DESCRIPTION
Extent 208 pages :
300 ## - PHYSICAL DESCRIPTION
Other physical details illustrations ;
300 ## - PHYSICAL DESCRIPTION
Dimensions 22cm.
500 ## - GENERAL NOTE
General note Includes bibliographic reference and index.
650 ## - SUBJECT ADDED ENTRY--TOPICAL TERM
Topical term or geographic name as entry element Coconut products --
650 ## - SUBJECT ADDED ENTRY--TOPICAL TERM
Topical term or geographic name as entry element Coconut products --
650 ## - SUBJECT ADDED ENTRY--TOPICAL TERM
General subdivision India.
650 ## - SUBJECT ADDED ENTRY--TOPICAL TERM
General subdivision Marketing.
700 ## - ADDED ENTRY--PERSONAL NAME
Personal name Thanaraj, X. Anthony.
700 ## - ADDED ENTRY--PERSONAL NAME
Personal name Title.

No items available.

Production and marketing of coconut /

APA

Sulochana M., Thanaraj X. A. & Title.Production and marketing of coconut. New Delhi: .

Chicago

Sulochana Mabel, Thanaraj X Anthony and Title.Production and marketing of coconut. New Delhi: .

Harvard

Sulochana M., Thanaraj X. A. and Title.Production and marketing of coconut. New Delhi: .

MLA

Sulochana Mabel, Thanaraj X Anthony and Title.New Delhi: . .

  • Print
  • Cite
  • Add to your cart (remove)
  • Save record
    BIBTEX Dublin Core MARCXML MARC (non-Unicode/MARC-8) MARC (Unicode/UTF-8) MARC (Unicode/UTF-8, Standard) MODS (XML) RIS
  • More searches
    Search for this title in:
    Other Libraries (WorldCat) Other Databases (Google Scholar) Online Stores (Bookfinder.com) Open Library (openlibrary.org)

Exporting to Dublin Core...

SOUTHVILLE LIBRARY

Southville International School and Colleges Library

1281 Tropical Ave. Cor. Luxembourg St., BF Homes International, Las Pinas City

Tel. No. 8256374 / 252358 Loc. 117/146

Powered by Koha